| 000 | 00630nam a22001697a 4500 | ||
|---|---|---|---|
| 003 | DO-SdBNP | ||
| 005 | 20180313133628.0 | ||
| 008 | 160518b2008 dr|||| |||| 00| 0 spa d | ||
| 040 |
_aBPMSU _bspa _cBPMSU |
||
| 100 | _aAguirre, Sarah | ||
| 245 |
_aEvaluación de medio término del proyecto para el fortalecimiento de la educación inicial : _bcomponente mejoramiento de la calidad del grado preprimario / _cSarah Aguirre |
||
| 260 |
_aSanto Domingo : _bSecretaría de Estado de Educación _c2008 |
||
| 300 |
_a220 p. : _bil _c28 cm |
||
| 942 |
_2ddc _cBK |
||
| 945 | _aRemanejado para la BNPHU / 2018 VM | ||
| 956 | _adaysi garcia | ||
| 999 |
_c10158 _d10158 |
||